000 00272nam a22001217a 4500
008 170608b xxu||||| |||| 00| 0 eng d
041 _aeng
080 _a328
100 _a18
101 _aSHP
245 _aTOWAD SUSTAINABLE COMMUNITIES
_cROSELAND.M
942 _2udc
_cBK
999 _c16492
_d16492